[Event "88th GER-ch Men 2017"]
[Site "Apolda"]
[Date "2017.06.23"]
[Round "1"]
[White "Fuchs, Florian"]
[Black "Dobierzin, Olaf"]
[Result "1-0"]
[WhiteElo "2335"]
[BlackElo "2020"]
[Annotator "TA"]
[PlyCount "55"]
[EventDate "2017.??.??"]
[EventType "swiss"]
[EventCountry "GER"]
[SourceTitle "playchess.com"]
[Source "ChessBase"]
[SourceQuality "1"]

{[%evp 23,55,27,49,26,53,40,68,65,67,69,80,72,141,94,172,117,174,153,157,156,150,144,210,226,431,455,450,447,439,433,738,698,29977,29978]} 1. e4 c5 2. Nc3 Nc6 3. Nf3 d6 4. d4 cxd4 5. Nxd4 Nf6 6. Bg5 e6 7. Qd2 a6 8. O-O-O Bd7 9. f3 b5 10. Nxc6 Bxc6 11. Kb1 {B67: Sicilian: Richter-Rauzer: 7...a6 8 0-0-0 Bd7, lines without 9 f4 Be7} (11. Ne2 Bb7 12. Kb1 Be7 13. h4 O-O 14. g4 Rc8 15. Nd4 Nd7 16. Bxe7 Qxe7 17. Qe3 b4 18. g5 Nc5 {1-0 (32) Leko,P (2693)-Kozul,Z (2613) Tallinn 2016}) 11... h5 12. h4 Be7 {LiveBook: 5 Games} 13. Bd3 {White is slightly better.} Qc7 14. Rhe1 Qb7 15. Ne2 {[%cal Bc3e2,Be2g3,Bg3f1,Bf1e3][%mdl 32]} e5 16. Ng3 g6 $1 17. Nf1 $146 ({Predecessor:} 17. f4 Ng4 18. f5 f6 19. Be3 g5 20. hxg5 h4 {½-½ (20) Calistri,T (2342)-Romieux,S (2294) Juvisy sur Orge 2013}) 17... O-O (17... a5 $142) 18. Ne3 $16 Rfe8 (18... Nh7 $16 {keeps fighting.}) 19. Qf2 ({Better is} 19. g4 $18) 19... Rad8 (19... Kg7 $16) 20. g4 $18 hxg4 21. Bxf6 Bxf6 22. fxg4 Bg7 (22... Be7 $16) 23. h5 Bxe4 $2 (23... Qe7 {was called for.} 24. Rh1 Qf6) 24. Bxe4 Qxe4 {[#]} 25. Nd5 $1 Qxg4 {[#]} 26. h6 $1 {[%mdl 512]} Qg5 (26... Qf5 $142 27. Qxf5 gxf5) (26... Bxh6 27. Nf6+) 27. hxg7 {aiming for Rf1.} Kxg7 28. Rg1 {Precision: White = 80%, Black = 14%.} 1-0

[Event "88th GER-ch Men 2017"]
[Site "Apolda"]
[Date "2017.06.23"]
[Round "1"]
[White "Hirneise, Jens"]
[Black "Nisipeanu, Liviu-Dieter"]
[Result "0-1"]
[WhiteElo "2328"]
[BlackElo "2683"]
[Annotator "TA"]
[PlyCount "120"]
[EventDate "2017.??.??"]
[EventType "swiss"]
[EventCountry "GER"]
[SourceTitle "playchess.com"]
[Source "ChessBase"]
[SourceQuality "1"]

{[%evp 9,120,21,54,25,27,15,8,0,8,0,10,11,14,-20,-12,-15,0,-26,-10,-10,0,0,0,0,0,0,0,-2,-3,-25,5,-3,-4,-16,-14,-25,-13,-14,-15,-16,-12,-9,-12,-44,-47,-42,-41,-45,-45,-105,-95,-112,-97,-100,0,-106,0,-96,-111,-96,-106,-95,-95,-126,-127,-216,-219,-256,-214,-238,-166,-192,-195,-187,-190,-201,-190,-187,-187,-187,-178,-185,-155,-342,-252,-251,-259,-247,-249,-250,-245,-255,-243,-240,-211,-518,-497,-558,-543,-709,-657,-776,-757,-750,-756,-696,-611,-6283,-5938,-29984,-29985,-29985,-29986]} 1. e4 c6 2. Nc3 d5 3. Nf3 dxe4 4. Nxe4 Nf6 5. Qe2 Bg4 (5... Nxe4 6. Qxe4 Qd5 7. Qh4 Qe6+ 8. Be2 Qg4 9. Qg3 Qxg3 10. hxg3 Bf5 11. b3 a5 12. Bb2 h6 13. O-O-O a4 14. Nd4 {1-0 (36) Vachier Lagrave,M (2795)-Salem,A (2633) Moscow 2017}) 6. d3 {B11: Caro-Kann: Two Knights Variation} e6 7. g3 $146 ({Predecessor:} 7. Bd2 Nbd7 8. h3 Bh5 9. g4 Bg6 10. Bg2 Be7 11. O-O-O a5 12. Bc3 Qc7 {½-½ (34) Mestek,I (2077)-Demjen,A (1991) Shrivenham 2016}) 7... Nbd7 8. Bg2 {The position is equal.} Be7 9. h3 Bh5 10. O-O O-O 11. c3 Re8 12. Qc2 h6 13. Bf4 Nd5 {White should prevent ...f5.} 14. Bd6 Bg6 15. Bxe7 Rxe7 16. Rad1 Qc7 17. Rfe1 e5 18. Nh4 Bh7 19. Nd2 (19. c4 $5 {[%cal Rc4d5]} N5f6 20. Qc3 $11) 19... N5f6 20. Ne4 (20. Be4 $5) 20... Rd8 21. Qa4 a5 22. Qa3 Re6 23. Nf3 Nxe4 24. dxe4 Nf6 25. Rxd8+ Qxd8 26. Qa4 Qb6 27. b3 Qc5 28. b4 $1 {[%cal Rb4c5]} Qxc3 29. Qxa5 (29. bxa5 $15 Bxe4 30. Rxe4 Nxe4 31. Qxe4) 29... Bxe4 $17 30. Re3 Qa1+ 31. Re1 Qc3 32. Re3 $1 {[%cal Re3c3]} Qa1+ 33. Re1 {[#]} Qb2 $1 34. Qa8+ Re8 35. Qxb7 Qxa2 36. b5 Qa5 $36 {[%mdl 2048] aiming for ...Bxf3. Black has strong initiative.} 37. Re3 (37. Rxe4 $17 Nxe4 38. Qxc6) 37... Qxb5 $19 38. Qa7 Qd5 39. Qc7 Qe6 {[#] Strongly threatening ...Nd5.} 40. Qa7 Qd6 41. Qa1 Bxf3 42. Bxf3 e4 43. Bg2 c5 44. Qc1 Qd4 45. Rc3 Ra8 {Threatens to win with ...Ra2.} 46. Qe1 $2 (46. Qc2 $17) 46... g6 47. Bf1 Kg7 48. Rc4 Ra1 49. Rxd4 Rxe1 {[%mdl 4096] Endgame KRB-KRN} 50. Rc4 Nd7 51. Kg2 f5 52. Ra4 $2 (52. Rc2) 52... Ne5 53. Ra7+ Kf6 54. Bb5 Rb1 55. Ra6+ Ke7 56. Ra7+ Kd6 57. Ra6+ Kd5 58. Be8 Nf3 {[%csl Gf3][%cal Rb1g1]} 59. Bf7+ Kd4 {[%csl Gf3][%cal Rb1g1]} 60. h4 g5 {Precision: White = 43%, Black = 72%.} 0-1

[Event "88th GER-ch Men 2017"]
[Site "Apolda"]
[Date "2017.06.23"]
[Round "1"]
[White "Miller, Eduard"]
[Black "Buhmann, Rainer"]
[Result "1/2-1/2"]
[WhiteElo "2319"]
[BlackElo "2590"]
[Annotator "TA"]
[PlyCount "136"]
[EventDate "2017.??.??"]
[EventType "swiss"]
[EventCountry "GER"]
[SourceTitle "playchess.com"]
[Source "ChessBase"]
[SourceQuality "1"]

{[%evp 16,136,-6,-30,12,16,17,12,3,-22,-8,-18,-14,-8,-19,-39,-41,-34,-25,-50,-50,-48,-47,-49,-62,-58,-45,-56,0,0,0,0,-7,-7,0,0,0,0,0,-42,-14,-29,-14,-28,-32,-32,0,0,0,-7,0,0,0,-88,-14,-4,0,-189,-181,-187,-172,-172,-187,-167,-188,-195,-193,-208,-209,-203,-197,-291,-264,-232,-99,-102,-8,-8,-8,-8,-8,-267,-262,-261,-8,-8,-8,-8,-8,-8,-8,-8,0,-8,0,0,0,-8,0,0,0,0,0,0,0,0,0,0,0,0,0,0,0,0,0,0,0,0,0,-8,-8,-8,-8]} 1. e4 e6 2. d3 d5 3. Nd2 Nf6 4. Ngf3 c5 5. g3 Nc6 6. Bg2 Be7 7. O-O O-O 8. Re1 Qc7 9. e5 Ng4 {[%cal Rg4e5] C00: French: Unusual White 2nd moves} (9... Nd7 10. Qe2 b5 11. h4 Bb7 12. Nf1 b4 13. h5 h6 14. Bf4 Rfc8 15. Qd2 a5 16. Ne3 Qd8 17. Rad1 Nb6 18. Ng4 Bf8 19. c3 Rc7 20. Qc2 {½-½ (54) Edouard,R (2628)-Schroeder,J (2521) Novi Sad 2016}) 10. Qe2 Nh6 {[%cal Bg4h6,Bh6f5,Bf5d4][%mdl 32]} 11. Nb3 $146 ({Predecessor:} 11. Nf1 Nf5 12. c3 Rd8 13. Bf4 b5 14. g4 Nh4 15. Nxh4 Bxh4 16. g5 {0-1 (35) Baldursson,R (1890)-Nielsen,H (2064) Faroe Islands 2013}) 11... Nf5 12. g4 Nfd4 13. Nbxd4 Nxd4 14. Nxd4 cxd4 15. a3 Bd7 16. b3 Rac8 17. Ra2 $1 f6 18. Bf4 fxe5 19. Bxe5 Bd6 20. h4 Bxe5 21. Qxe5 Rf4 22. Qxc7 Rxc7 23. f3 Kf7 24. Kh2 Ke7 25. Kg3 $1 {[%cal Rg3f4]} Rf8 26. f4 Kd6 27. Re2 Re8 28. Bf3 h6 29. Ra1 Rec8 30. Ra2 $1 a5 31. a4 b6 32. Rb2 Kc5 33. Ra2 Kb4 34. Kf2 (34. g5 $11 {remains equal.}) 34... Kc3 (34... Rf8 $1 $17 35. Kg3 Bc8) 35. Kg3 $11 Rf8 36. f5 $2 (36. g5 $11) 36... Re8 $19 37. Kf4 exf5 38. Rxe8 Bxe8 39. gxf5 {[%mdl 4096] Endgame KRB-KRB} Re7 $1 40. Bxd5 Re1 41. Be4 Bf7 42. Ke5 g6 43. Kd6 (43. Kf6 {is a better defense.} gxf5 44. Bxf5) 43... gxf5 44. Bxf5 Rc1 (44... Re2 $19 {and Black stays clearly on top.} 45. Ra1 Rxc2) 45. Kc7 $17 {[#]} Bxb3 $1 {[%mdl 512]} 46. cxb3 $11 Kxb3+ 47. Kxb6 Kxa2 $17 {KR-KB} 48. Be6+ $2 {[%mdl 8192]} (48. Bd7 $1 $11 {and White is okay.}) 48... Ka3 49. Kxa5 {[#]} Rc5+ $2 (49... Rc3 $1 $19 {[%cal Rc3d3]} 50. Kb5 Rxd3) 50. Kb6 $11 {The position is equal.} Kb4 51. Bd7 Rh5 52. Bc6 Rf5 (52... Rxh4 $5 53. a5 $8 Rh3 $11) 53. Be8 Re5 (53... Rf3 $5 {[%cal Rf3d3]} 54. a5 Rxd3 $11) 54. Bd7 Rh5 (54... Re3 $5) 55. Bc6 Re5 (55... Rxh4 $5 56. a5 $8 Rh3 $11) 56. Bd7 Ra5 57. Bb5 Ra8 58. Bc6 Rb8+ 59. Kc7 Rf8 {Threatens to win with ...Ka5.} 60. Kb6 $1 Kc3 61. Be4 Re8 {...Rxe4! is the strong threat.} 62. a5 Rxe4 63. dxe4 {K3P-KPP} d3 {Hoping for ...d2.} 64. a6 {And now a7 would win.} d2 65. a7 d1=Q {( -> ...Qd4+)} 66. a8=Q {Strongly threatening Qa3+.} Qd6+ 67. Qc6+ Qxc6+ 68. Kxc6 {Kd5 would kill now.} Kd4 {Precision: White = 62%, Black = 49%.} 1/2-1/2

[Event "88th GER-ch Men 2017"]
[Site "Apolda"]
[Date "2017.06.23"]
[Round "1"]
[White "Kolbus, Dietmar"]
[Black "Svane, Rasmus"]
[Result "0-1"]
[WhiteElo "2306"]
[BlackElo "2577"]
[Annotator "TA"]
[PlyCount "208"]
[EventDate "2017.??.??"]
[EventType "swiss"]
[EventCountry "GER"]
[SourceTitle "playchess.com"]
[Source "ChessBase"]
[SourceQuality "1"]

{[%evp 14,208,13,9,11,29,21,6,8,0,0,-23,24,-5,-7,-17,-14,-19,-24,-76,-70,-60,-69,-89,-21,-77,-79,-80,-78,-100,-87,-112,-110,-108,-94,-116,-94,-94,-94,-94,-94,-94,-91,-98,-95,-98,-98,-99,-96,-98,-90,-95,-94,-98,-98,-96,-87,-99,-98,-102,-66,-93,-93,-116,-95,-124,-106,-138,-116,-116,-116,-116,-116,-127,-123,-133,-123,-123,-123,-124,-119,-119,-119,-119,-119,-139,-139,-167,-165,-166,-155,-221,-231,-316,-227,-242,-135,-145,-118,-118,-116,-116,-116,-129,-141,-130,-89,-104,-104,-97,-114,-218,-218,-218,-218,-218,-218,-211,-211,-211,-211,-211,-209,-209,-206,-199,0,-200,0,0,0,-195,-190,-75,-75,-75,-75,-5182,-4627,-4618,-2604,-1239,-1226,-984,-551,-266,0,0,0,0,0,0,0,0,0,0,0,0,0,0,0,0,0,-337,-350,-1072,0,0,0,-641,-905,-859,-752,-536,0,0,0,0,0,-1427,-1276,-5583,-4718,-29983,-29984,-29984,-29985,-29985,-29986,-29986,-29987,-29987,-29988,-29988,-29989,-29989,-29990]} 1. Nf3 d5 2. g3 g6 3. Bg2 Bg7 4. d4 Nd7 5. c4 dxc4 6. Qa4 Ngf6 7. O-O O-O 8. Qxc4 Nb6 {D73: Fianchetto Grünfeld: 5 Nf3} 9. Qb3 (9. Qc5 Bf5 10. Bf4 Ne4 11. Qxc7 Nd5 12. Qxb7 Nxf4 13. gxf4 Qd6 14. Qb3 Qxf4 15. Nc3 Rab8 16. Qa3 {½-½ (32) Van Wely,L (2647)-Giri,A (2791) Amsterdam 2015}) 9... Be6 10. Qc2 Bf5 {The position is equal.} 11. Qb3 a5 12. Nc3 Ne4 (12... a4 $5 {[%cal Ra4b3]} 13. Qa3 Re8 $15) 13. Na4 $146 (13. Nh4 $5 {[%cal Rc3e4]} Be6 14. Qc2 $11) ({Predecessor:} 13. a4 c6 14. Rd1 Nd6 15. Ne1 Be6 16. d5 cxd5 17. Nxd5 Bxd5 18. Bxd5 Nxd5 19. Rxd5 {½-½ (26) Kunte,A (2515)-Sethuraman,S (2651) Thiruvarur 2015}) 13... Nxa4 ({Of course not} 13... Bxd4 14. Nxd4 Qxd4 15. Nxb6 $14) 14. Qxa4 c6 $36 {[%mdl 2048] Black has the initiative.} 15. Be3 Nd6 {[%cal Be4d6,Bd6f5,Bf5d4,Bd4e2][%mdl 32]} 16. b3 (16. Rac1 $11) 16... Be4 $17 17. Rad1 Nf5 18. Qc4 Qb6 (18... Bd5 $17 19. Qc2 a4) 19. Bc1 (19. Nh4 $11 Bxg2 20. Kxg2) 19... Bxf3 20. Bxf3 Nxd4 21. Bg2 Qb4 22. e3 Qxc4 23. bxc4 Ne2+ 24. Kh1 Rfd8 25. Bd2 Bc3 26. Bc1 Nxc1 27. Rxc1 Bb4 28. Rfd1 Kf8 29. Kg1 e6 30. Kf1 Ke7 31. Ke2 Rac8 32. Be4 Rc7 33. Rxd8 Kxd8 {[%mdl 4096] Endgame KRB-KRB} 34. Rd1+ Kc8 35. Bc2 Re7 36. g4 f5 37. h3 Kc7 38. f4 Kb6 39. Bd3 Kc5 40. Rb1 Bc3 41. Kf3 Rd7 42. Ke2 Bf6 43. a4 Bc3 44. Rb3 Ba1 45. Rb1 Bf6 46. Rb3 h5 47. g5 Bg7 48. h4 Rf7 49. Kf3 e5 50. fxe5 Bxe5 51. Rb1 Rd7 52. Rb3 (52. Ke2 $17 {keeps fighting.}) 52... b6 $19 53. Kf2 Rd8 54. Kf3 Rd6 $1 55. Kf2 Re6 56. Kf3 Bd6 57. Kf2 Bh2 58. Kg2 Rxe3 59. Kxh2 Kd4 60. Rxb6 Kxd3 61. Rxc6 $17 {KR-KR} Re4 62. Kh3 (62. Rxg6 $17 {was worth a try.} Rxh4+ 63. Kg2) 62... f4 $1 $19 {[%cal Bf5f4,Bf4f3][%mdl 32]} ({And not} 62... Rxc4 63. Rxg6 Rxa4 64. Rh6 $11) 63. Rxg6 f3 $1 {[%cal Rf3f2]} 64. Rb6 Rg4 $1 {[%mdl 1024] Black has strong compensation.} 65. Rb3+ Ke2 66. Rb2+ Ke3 67. Rb3+ Kf4 68. Rb2 Rg1 $1 69. c5 Rh1+ $1 70. Rh2 Rg1 $2 (70... Rc1 $1 $19 71. Ra2 Rxc5) 71. Rb2 Rh1+ $2 (71... Rc1 $11) 72. Rh2 Rc1 $1 73. Rb2 (73. Ra2 $19) 73... Rxc5 $17 74. Rb8 {and if Rf8+ works, White does fine.} Rc1 {[%cal Rc1h1]} 75. Rf8+ $2 {[%mdl 8192]} (75. Rb2 $17) 75... Ke3 $19 76. Re8+ Kf2 {[%cal Rc1h1]} 77. Kh2 Rc4 {[%cal Rc4h4]} 78. Kh3 Rxa4 79. Rc8 Rg4 $2 (79... Ra1 $1 $19 {[%cal Ra1h1]} 80. Kh2 Ke3 81. Re8+ Kf4) 80. Rc2+ $11 Ke3 (80... Ke1 $5 {[%cal Rf3f2]} 81. Ra2 f2 82. Ra1+ Ke2 83. Ra2+ Kf3 84. Ra3+ Ke4 85. Ra4+ Ke3 86. Ra3+ Ke2 87. Ra2+ Ke3 88. Ra3+ Kd4 $17) 81. Rc3+ Ke2 82. Rc2+ Ke1 (82... Kd1 $5 {[%cal Rd1c2]} 83. Rf2 a4 84. Rxf3 Kc2 85. Rf2+ Kb1 $17) 83. Rc1+ Kd2 84. Ra1 a4 (84... f2 $5 {[%cal Rg4g1]} 85. Ra2+ Ke1 86. Ra1+ Ke2 87. Ra2+ Kf3 88. Ra3+ Ke4 89. Ra4+ Kd3 90. Ra3+ Ke4 91. Ra4+ Kf3 92. Ra3+ Ke2 93. Ra2+ Kf3 94. Ra3+ $19) 85. Ra2+ Ke1 {Threatens to win with ...f2.} 86. Ra1+ Kd2 {Hoping for ...Ke3.} 87. Ra2+ Kc1 88. Rf2 $2 {[%mdl 8192]} (88. Ra3 $11) 88... a3 $19 89. Rf1+ Kc2 $2 (89... Kd2 $1 $19 {[%cal Rd2e2] And now ...Ke2 would win.} 90. Rxf3 Ra4 91. Rf2+ Kc3 92. Rf3+ Kb4 93. Rf4+ Kb3 94. Rf3+ Kb4 95. Rf4+ Kb3 96. Rf3+ Kb4) 90. Rf2+ $11 Kc1 $2 {[%mdl 8192]} (90... Kb1 $11 91. Rf1+ Kc2 92. Rf2+ Kb1 93. Rf1+ Kb2 94. Rf2+ Kc1 95. Rf1+ Kc2) 91. Rf1+ $19 {[#]} Kd2 $1 92. Rxf3 Ra4 {( -> ...a2)} 93. Rf2+ {[#]} Kd3 $2 ({Black should try} 93... Kc3 $1 $19 {...a2 is the strong threat.} 94. Rf3+ Kb4 95. Rf4+ Kb3 96. Rf3+ Kb4 97. Rf4+ Kb3 98. Rf3+ Kb4) 94. Ra2 $1 $11 Kc3 (94... Kc4 $5 95. g6 $8 Kb3 $11) 95. g6 {Black must now prevent g7.} Kb3 96. Rf2 $2 {[%mdl 8192]} (96. g7 $11 Ra8 97. Rf2) 96... Rg4 $19 97. Rf6 a2 98. Ra6 Kb2 {Black mates.} 99. Rb6+ Ka3 100. Ra6+ Ra4 101. g7 a1=Q 102. Rxa4+ Kxa4 103. g8=Q Qh1+ 104. Kg3 Qg1+ {Precision: White = 56%, Black = 77%.} 0-1

[Event "88th GER-ch Men 2017"]
[Site "Apolda"]
[Date "2017.06.23"]
[Round "1"]
[White "Buecker, Stefan"]
[Black "Kollars, Dmitrij"]
[Result "0-1"]
[WhiteElo "2291"]
[BlackElo "2511"]
[Annotator "TA"]
[PlyCount "100"]
[EventDate "2017.??.??"]
[EventType "swiss"]
[EventCountry "GER"]
[SourceTitle "playchess.com"]
[Source "ChessBase"]
[SourceQuality "1"]

{[%evp 9,100,-17,-8,-17,-8,-26,-27,-30,-17,-41,-31,-49,-39,-53,-14,-49,-43,-57,-54,-54,-59,-51,-46,-43,-60,-595,-562,-588,-568,-776,-783,-767,-766,-752,-749,-637,-247,-245,-229,-207,-41,-43,-31,-39,-28,-25,-16,-11,0,0,0,0,0,0,0,0,0,0,0,0,0,0,0,0,0,0,0,0,0,0,602,-34,-25,-45,-155,-324,-298,-407,-308,-417,-396,-820,-1073,-1081,-1055,-990,-989,-823,-655,-5381,-5381,-1370,-1305]} 1. b3 e5 2. Bb2 Nc6 3. Nf3 e4 4. Ne5 (4. Nd4 Nxd4 5. Bxd4 d5 6. e3 Ne7 7. Bb2 Nc6 8. d3 Qg5 9. Nc3 Bb4 10. a3 Bxc3+ 11. Bxc3 Bg4 12. Qd2 O-O 13. h3 {1-0 (68) Van Geet,D (2617)-Kujala,A (2637) ICCF email 2010}) 4... Nxe5 5. Bxe5 Nf6 6. e3 {A01: Nimzowitsch-Larsen Opening} d5 7. c4 dxc4 8. bxc4 $146 {Black has an edge.} ({Predecessor:} 8. Nc3 cxb3 9. Qxb3 Be7 10. Nb5 O-O 11. Bxc7 Qd5 12. Bg3 Qxb3 13. axb3 a6 14. Nc7 Ra7 15. Nb5 Ra8 16. Nc7 Ra7 {½-½ (16) Karlsson,L (2441)-Brynell,S (2445) Tylosand 2016}) 8... Bd6 9. Bg3 O-O 10. Nc3 Bg4 11. Qb1 Re8 12. Qxb7 Bxg3 13. hxg3 Rb8 14. Qxa7 Rb2 {[%csl Gb2][%cal Rd8d2]} 15. Qd4 Qb8 $1 16. Nb5 Rc2 $40 {[%mdl 128] ...Rd8 is the strong threat. Black is up to no good.} 17. Na3 $2 {[%mdl 8192] [#]} ({Better is} 17. Bd3 $15 exd3 18. Qxd3) 17... c5 $1 $19 {[%cal Rc5d4][%mdl 512]} 18. Qxc5 {[#]} Rxd2 $3 {[%mdl 512] ( -> ...Qb2)} 19. Kxd2 Qb2+ 20. Nc2 Rd8+ 21. Qd4 Rxd4+ 22. exd4 e3+ $2 (22... Bf5 23. f3 exf3) 23. Kxe3 {And now Bd3 would win.} Bf5 ({But not} 23... Qxc2 24. Bd3 $17) 24. Bd3 Ng4+ $2 (24... Qc3 $1 $19 {[%cal Rc3d3]} 25. Nb4 g6) 25. Kd2 Bxd3 26. Kxd3 Nxf2+ 27. Kd2 Ne4+ 28. Kd1 $1 f5 {aiming for ...Qc3.} 29. a4 Qc3 {[%csl Ge4][%cal Rc3d2]} 30. Kc1 Nf2 31. Rd1 Nxd1 32. Kxd1 Qxc4 $11 {[%mdl 4096] Endgame Threatens to win with ...Qf1+. KQ-KRN} 33. a5 Qf1+ 34. Kd2 Qxg2+ 35. Kc1 Qg1+ (35... f4 $5 36. gxf4 Qf1+ 37. Kb2 Qb5+ 38. Kc3 Qc6+ 39. Kd2 Qg2+ 40. Kd3 Qg6+ 41. Kd2 Qg2+ 42. Kd3 Qg6+ 43. Kd2 Qg2+ $11) 36. Kb2 Qxg3 37. a6 {Black must now prevent a7.} Qb8+ (37... Qf3 {with more complications.} 38. a7 Qb7+ 39. Kc3 Qc6+ 40. Kb4 Qb7+) 38. Kc3 Qa7 39. Nb4 Kf7 $2 {[%mdl 8192] [#]} (39... Qc7+ $11 40. Kd3 Qa7) 40. Ra5 $2 (40. Nc6 $1 $18 {[%cal Rc6a7]} Qa8 41. d5) 40... f4 $15 41. Rf5+ Kg6 42. Nc6 $2 {[#]} (42. Ra5 $17) 42... Qa8 $1 $19 ({Stronger than} 42... Qxa6 43. Ne7+ Kh6 44. Ng8+ Kg6 45. Ne7+ Kh6 46. Ng8+ Kg6 47. Ne7+ $11) 43. Ne7+ Kh6 44. Ra5 g6 45. d5 $2 (45. Nd5 Qe8 46. Kd2) 45... f3 {[%cal Bf4f3,Bf3f2][%mdl 32] Strongly threatening ...f2.Black is clearly winning.} 46. Nc6 f2 47. Ra1 Qh8+ 48. Nd4 Qc8+ 49. Kd2 Qc4 50. Rh1+ Kg7 {Precision: White = 38%, Black = 65%.} 0-1

[Event "88th GER-ch Men 2017"]
[Site "Apolda"]
[Date "2017.06.23"]
[Round "1"]
[White "Rehberg, Raphael"]
[Black "Tischbierek, Raj"]
[Result "1-0"]
[WhiteElo "2264"]
[BlackElo "2450"]
[Annotator "TA"]
[PlyCount "99"]
[EventDate "2017.??.??"]
[EventType "swiss"]
[EventCountry "GER"]
[SourceTitle "playchess.com"]
[Source "ChessBase"]
[SourceQuality "1"]

{[%evp 10,99,56,33,46,28,12,1,1,0,3,-16,0,0,0,-5,10,-25,0,-20,-25,-69,0,0,0,0,0,0,43,22,33,28,52,72,67,50,44,50,76,0,0,0,43,9,139,129,248,227,458,454,448,442,500,479,536,523,514,451,473,441,448,447,493,490,551,533,518,514,627,505,758,306,275,303,290,301,383,248,429,429,416,411,1025,745,2683,2478,29995,76,29996,29997,29997,29998]} 1. e4 e6 2. d4 d5 3. Nc3 Bb4 4. e5 b6 5. Qg4 Bf8 6. Bd3 Qd7 {C16: French: 3 Nc3 Bb4 4 e5: Lines without ...c5} 7. a4 (7. Nf3 Ba6 8. Bxa6 Nxa6 9. O-O Ne7 10. Ne2 h6 11. a4 O-O-O 12. c3 Nf5 13. b4 g5 14. Nd2 {1-0 (43) Ivekovic,Z (2266)-Martinovic,S (2427) Bosnjaci 2009}) 7... Nc6 $146 ({Predecessor:} 7... a5 8. Nb5 Ne7 9. Nf3 Ba6 10. O-O Ng6 11. Ng5 c6 12. f4 cxb5 13. f5 exf5 14. Bxf5 Qc6 15. Nxf7 bxa4 16. Rf2 Nd7 17. Bxg6 hxg6 18. Nxh8 {1-0 (18) Racz,Z (2252)-Monus,Z (2146) Nyiregyhaza 2004}) 8. Bb5 a6 {The position is equal.} 9. Bxc6 Qxc6 10. a5 h5 11. Qf3 Ne7 12. Nge2 Nf5 13. Bd2 Be7 14. Qd3 Qc4 15. O-O Bd7 (15... Qxd3 $15 16. cxd3 Bd7) 16. Qxc4 $11 dxc4 17. axb6 cxb6 18. d5 O-O 19. Nf4 (19. d6 $5 {[%cal Rd6e7]} Bd8 20. Ne4 $14) 19... h4 20. Rfd1 Rfd8 21. d6 Bf8 22. Nfe2 f6 23. f4 $36 {[%mdl 2048] White is more active.} Bc6 24. g4 ({Better is} 24. Be1 $16) 24... hxg3 $1 25. hxg3 {[%cal Bh2g3,Bg3g4,Bg4g5,Bg5g6][%mdl 32]} Rd7 (25... g5 $5) 26. Kf2 (26. g4 $5 {[%cal Rg4f5]} Nh4 27. Nd4 Nf3+ 28. Nxf3 Bxf3 29. Rf1 Bxg4 30. Be3 $14) 26... Rf7 (26... g5 $11 {remains equal.}) 27. g4 $16 Nh6 (27... Nh4 $16) 28. Nd4 $1 $18 {[%cal Rd4c6]} fxe5 $2 (28... Bb7 {keeps fighting.}) 29. Nxc6 Bxd6 30. Ne4 Bc7 31. g5 Nf5 32. g6 Rd7 33. Nxe5 Bxe5 34. fxe5 Rd4 35. Re1 Ne7 36. Bc3 Rd5 37. Rg1 a5 38. Ke2 Nc6 39. Rad1 b5 {[#]} (39... Rad8 $142 40. Nd6 Nb4) 40. Rxd5 (40. Nf6+ $142 $1 {[%mdl 512]} gxf6 41. exf6) 40... exd5 41. Nd6 b4 42. Bd2 a4 43. Nf7 Kf8 $2 (43... Ra6 {was necessary.} 44. e6 Kf8) 44. Bg5 Ke8 45. Rd1 a3 (45... Ne7 $142 46. Nd6+ Kd7 47. Nxc4 Ra7 48. Nb6+ Kc6 49. Nxa4 Nxg6) 46. bxa3 bxa3 47. e6 {White threatens Nd6+ and mate.} a2 48. Nd6+ Kf8 {[#]} 49. Rh1 $1 {[%cal Rh1h8]} Nd4+ 50. Kf2 {Precision: White = 51%, Black = 34%.} 1-0